[Event "op"]
[Site "Oberwart"]
[Date "1997.07.11"]
[Round "7"]
[White "Hamberger, Hermann"]
[Black "Kiss, Attila"]
[Result "0-1"]
[WhiteElo "2205"]
[BlackElo "2425"]
[PlyCount "92"]
[EventDate "1997.07.11"]

1. e4 c5 2. Nf3 Nc6 3. d4 cxd4 4. Nxd4 Nf6 5. Nc3 d6 6. Bc4 e6 7. Bb3 Be7 8.
O-O O-O 9. Kh1 Nxd4 10. Qxd4 b6 11. f3 Ba6 12. Rd1 Nd7 13. f4 Nc5 14. Be3 Qc7
15. Qd2 Qc6 16. Re1 b5 17. a3 Nxb3 18. cxb3 f5 19. exf5 Rxf5 20. Bd4 Bb7 21.
Rxe6 Bh4 22. Re2 Raf8 23. Rf1 Bg5 24. Be3 Bh6 25. h3 g5 26. Rf3 gxf4 27. Bd4
Rg5 28. Qd3 a6 29. Re7 Rg6 30. Qe4 Qxe4 31. Nxe4 Bd5 32. Rc3 Re6 33. Rxe6 Bxe6
34. Nd2 Rc8 35. b4 Bg7 36. Bxg7 Kxg7 37. Rxc8 Bxc8 38. Kg1 Kf6 39. Kf2 Bb7 40.
Nf3 Bxf3 41. Kxf3 Kf5 42. b3 d5 43. a4 Ke5 44. Ke2 Ke4 45. a5 d4 46. Kd2 d3 {}
0-1

[Event "op"]
[Site "Oberwart"]
[Date "1997.07.11"]
[Round "7"]
[White "Fuchs, Georg"]
[Black "Volkmann, Friedrich"]
[Result "0-1"]
[WhiteElo "2180"]
[BlackElo "2380"]
[PlyCount "41"]
[EventDate "1997.07.11"]

1. e4 c5 2. Nf3 Nc6 3. d4 cxd4 4. Nxd4 Nf6 5. Nc3 e5 6. Ndb5 d6 7. Nd5 Nxd5 8.
exd5 Ne7 9. c4 Ng6 10. Bd3 Be7 11. O-O O-O 12. b4 f5 13. Qc2 a6 14. Nc3 e4 15.
Be2 Bf6 16. Rb1 Be5 17. c5 Qh4 18. g3 Qh3 19. f4 exf3 20. Bxf3 Bd4+ 21. Kh1 {}
0-1

[Event "op"]
[Site "Oberwart"]
[Date "1997.07.11"]
[Round "7"]
[White "Kovacs, Gabor"]
[Black "Zoebisch, Herbert"]
[Result "1/2-1/2"]
[WhiteElo "2325"]
[BlackElo "2240"]
[PlyCount "69"]
[EventDate "1997.07.11"]

1. d4 d5 2. Nf3 Nf6 3. Bg5 Ne4 4. Bh4 c5 5. dxc5 Nc6 6. e3 Bg4 7. Be2 f6 8.
Nbd2 Nxc5 9. O-O e5 10. h3 Be6 11. c3 a5 12. Bb5 Qb6 13. Qe2 Be7 14. c4 g5 15.
Bg3 O-O 16. cxd5 Bxd5 17. Bc4 Bxc4 18. Nxc4 Qc7 19. e4 Ne6 20. Ne3 Bc5 21. Nd5
Qd6 22. Rfe1 Bd4 23. Nd2 Nb4 24. Nc4 Qa6 25. Ne7+ Kf7 26. Nf5 Kg6 27. a3 Nc6
28. Rac1 Rad8 29. Qg4 Ng7 30. Nxg7 Kxg7 31. Rc2 Rfe8 32. Kh1 Kh8 33. Qf3 Kg7
34. Qg4 Kh8 35. Qf3 {.} 1/2-1/2

[Event "op"]
[Site "Oberwart"]
[Date "1997.07.11"]
[Round "7"]
[White "Titz, Heimo"]
[Black "Schumi, Manfred"]
[Result "0-1"]
[WhiteElo "2305"]
[BlackElo "2235"]
[PlyCount "70"]
[EventDate "1997.07.11"]

1. c4 g6 2. g3 Bg7 3. Bg2 Nf6 4. Nc3 O-O 5. Nf3 d6 6. d4 Nbd7 7. O-O e5 8. e4
a6 9. Re1 exd4 10. Nxd4 Ng4 11. h3 Qf6 12. Nf3 Nge5 13. Nd5 Nxf3+ 14. Bxf3 Qd8
15. Bg2 c6 16. Nc3 Ne5 17. Bf1 b5 18. cxb5 axb5 19. f4 Nc4 20. Bxc4 bxc4 21.
Kh2 Re8 22. a4 Bb7 23. a5 d5 24. e5 Rxa5 25. Bd2 Rxa1 26. Qxa1 Qb6 27. Re2 c5
28. Qg1 d4 29. Nd1 f6 30. Qf1 Qc6 31. Rf2 fxe5 32. Qxc4+ Qd5 33. Qxd5+ Bxd5 34.
fxe5 Rxe5 35. Ba5 Bb3 {} 0-1

[Event "op"]
[Site "Oberwart"]
[Date "1997.07.11"]
[Round "7"]
[White "Kunz, Konstantin"]
[Black "Stanetzek, Carsten"]
[Result "1-0"]
[WhiteElo "2295"]
[BlackElo "2220"]
[PlyCount "87"]
[EventDate "1997.07.11"]

1. d4 f5 2. g3 Nf6 3. Bg2 e6 4. b3 d5 5. Nh3 Bd6 6. Bb2 Qe7 7. Nd2 c5 8. dxc5
Bxc5 9. e3 Bd7 10. Nf4 Bc6 11. Nd3 Bd6 12. Ne5 Nbd7 13. Nxc6 bxc6 14. O-O O-O
15. c4 a5 16. Nf3 a4 17. Nd4 Ra6 18. bxa4 Ne4 19. cxd5 cxd5 20. Nb5 Bb4 21. Qc2
Nb6 22. a3 Rc8 23. Qe2 Bc5 24. Nd6 Rca8 25. Nxe4 fxe4 26. Rfc1 Rxa4 27. Bh3 Nc4
28. Bc3 R4a6 29. a4 Qg5 30. Rc2 Nxe3 31. Bd2 Qf6 32. Rxc5 Qxa1+ 33. Rc1 Qe5 34.
fxe3 Qb2 35. Rf1 e5 36. Qe1 d4 37. Bf5 Rxa4 38. Bxe4 Ra1 39. Bc1 Qb6 40. Bd5+
Kh8 41. Bxa8 Rxa8 42. Qf2 h6 43. exd4 exd4 44. Bb2 {} 1-0

[Event "op"]
[Site "Oberwart"]
[Date "1997.07.11"]
[Round "7"]
[White "Medvegy, Zoltan"]
[Black "Galavics, Hermann"]
[Result "1-0"]
[WhiteElo "2295"]
[BlackElo "2180"]
[PlyCount "75"]
[EventDate "1997.07.11"]

1. e4 e6 2. d4 d5 3. Bd3 dxe4 4. Bxe4 Nf6 5. Bf3 Bd6 6. Ne2 O-O 7. O-O Nbd7 8.
Nbc3 c6 9. Ng3 Qc7 10. Kh1 Re8 11. Re1 b6 12. Nb5 {} 12... cxb5 13. Bxa8 Bb7
14. Bxb7 Qxb7 15. Qe2 Rc8 16. c3 Bb8 17. Qxb5 Nf8 18. Qe2 Ng6 19. Ne4 Nd5 20.
Bd2 Ndf4 21. Bxf4 Nxf4 22. Qf3 Qc7 23. g3 Ng6 24. Kg1 e5 25. d5 Qd7 26. Rad1 h6
27. Qh5 Kf8 28. Rd2 Rc5 29. b3 Rc8 30. c4 Ne7 31. Kg2 f5 32. Nc3 Re8 33. Rde2
Nc8 34. Qg6 Ne7 35. Qh5 Nc8 36. Re3 Kg8 37. Ne2 Kf8 38. Nd4 1-0

[Event "op"]
[Site "Oberwart"]
[Date "1997.07.11"]
[Round "7"]
[White "Steinwender, Peter"]
[Black "Wohlfahrt, Herbert"]
[Result "0-1"]
[WhiteElo "1964"]
[BlackElo "2275"]
[PlyCount "120"]
[EventDate "1997.07.11"]

1. e4 c5 2. Nf3 d6 3. d4 cxd4 4. Nxd4 Nf6 5. Nc3 a6 6. Bc4 e6 7. a3 Be7 8. O-O
O-O 9. f4 Nc6 10. Be3 d5 11. Nxc6 bxc6 12. exd5 exd5 13. Be2 Rb8 14. Bd4 c5 15.
Be5 Rb6 16. Bf3 d4 17. Na4 Re6 18. Bxf6 Rxf6 19. Be4 Bd6 20. g3 Re8 21. Qd3 Bd7
{} 22. b3 Bb5 23. Qf3 Bxf1 24. Rxf1 Qe7 25. Bd3 Qe3+ 26. Qxe3 Rxe3 27. Nb6
Rfe6 28. Nc4 Re1 29. Rxe1 Rxe1+ 30. Kf2 Re6 31. Bf5 Rh6 32. h4 Kf8 33. Bc8 Bc7
34. Kf3 Ke7 35. Bf5 Rf6 36. Bc8 h6 37. Kg2 Kd8 38. Bb7 g5 39. fxg5 hxg5 40.
hxg5 Rg6 41. Kf3 Rxg5 42. g4 Rg6 43. Be4 Rh6 44. Bf5 Rh2 45. Bd3 Ke7 46. Nb2
Kf6 47. Nd1 c4 48. bxc4 Ke5 49. Nf2 Rh8 50. c5 a5 51. a4 Kd5 52. c6 Kxc6 53.
Bc4 Kc5 54. Bb3 Kb4 55. Ke4 Rh7 56. g5 Bd8 57. Nd3+ Kc3 58. Ne5 Bxg5 59. Nxf7
Rh4+ 60. Kd5 d3 0-1

[Event "op"]
[Site "Oberwart"]
[Date "1997.07.11"]
[Round "7"]
[White "Buchegger, Karl"]
[Black "Petschar, Kurt"]
[Result "1/2-1/2"]
[WhiteElo "1962"]
[BlackElo "2270"]
[PlyCount "88"]
[EventDate "1997.07.11"]

1. c4 e5 2. Nc3 Bb4 3. g3 Nf6 4. Bg2 O-O 5. Nf3 Re8 6. O-O c6 7. a3 Bf8 8. d4
e4 9. Ne1 d5 10. cxd5 cxd5 11. Bg5 Be6 12. Nc2 Nbd7 13. Ne3 h6 14. Bxf6 Nxf6
15. Qb3 Qd7 16. Rac1 Rac8 17. Qb5 Rc6 18. f3 exf3 19. Bxf3 Bh3 20. Nexd5 Nxd5
21. Bxd5 Bxf1 22. Rxf1 Re7 23. Bxc6 Qxd4+ 24. Kh1 bxc6 25. Qxc6 Qd2 26. Qb5 g6
27. Rd1 Qg5 28. Qxg5 hxg5 29. Rd5 g4 30. Rg5 Rc7 31. Rxg4 Bxa3 32. bxa3 Rxc3
33. Ra4 Rc2 34. e4 Re2 35. Kg1 g5 36. g4 Kg7 37. h3 Kf6 38. Ra6+ Kg7 39. Rxa7
Rxe4 40. Kf2 Rc4 41. Re7 Kg6 42. Re3 f5 43. gxf5+ Kxf5 44. Rb3 Kg6 {.} 1/2-1/2

[Event "op"]
[Site "Oberwart"]
[Date "1997.07.11"]
[Round "7"]
[White "Brandner, Stefan"]
[Black "Amann, Guenter"]
[Result "1-0"]
[WhiteElo "2265"]
[BlackElo "2083"]
[PlyCount "101"]
[EventDate "1997.07.11"]

1. e4 c5 2. d3 Nc6 3. g3 g6 4. Bg2 Bg7 5. f4 d6 6. Nf3 e5 7. O-O Nge7 8. f5
gxf5 9. Nh4 fxe4 10. dxe4 O-O 11. Na3 Be6 12. Nf5 Bxf5 13. exf5 f6 14. Be3 Qd7
15. Bxc5 Rad8 16. Bf2 d5 17. c3 Kh8 18. Nc2 d4 19. Be4 Nxf5 20. Qh5 Nh6 21.
cxd4 f5 22. Bxc6 Qxc6 23. Rac1 e4 24. Ne3 Qa6 25. Rc7 Rxd4 26. Rxg7 Kxg7 27.
Nxf5+ Nxf5 28. Bxd4+ Nxd4 29. Qg5+ Qg6 30. Qe5+ Kg8 31. Rxf8+ Kxf8 32. Qxd4 Qg4
33. Qh8+ Ke7 34. Qxh7+ Kd6 35. Qh6+ Kd5 36. Qd2+ Ke6 37. Qe3 Kd5 38. Kg2 a6 39.
h4 Kc6 40. b4 b6 41. a4 a5 42. b5+ Kd7 43. Qf2 Ke7 44. Qe3 Kd7 45. h5 Qxh5 46.
Qxe4 Qh6 47. Qd5+ Kc7 48. g4 Qf6 49. g5 Qb2+ 50. Kg3 Qc2 51. Qc6+ {} 1-0

[Event "op"]
[Site "Oberwart"]
[Date "1997.07.11"]
[Round "7"]
[White "Sardy, Peter"]
[Black "Nielsen, Max"]
[Result "1/2-1/2"]
[WhiteElo "1723"]
[BlackElo "2255"]
[PlyCount "50"]
[EventDate "1997.07.11"]

1. e4 c5 2. Nf3 Nc6 3. d4 cxd4 4. Nxd4 Nf6 5. Nc3 e5 6. Ndb5 d6 7. Bg5 a6 8.
Na3 b5 9. Bxf6 gxf6 10. Nd5 f5 11. c3 Bg7 12. Nc2 fxe4 13. Nce3 O-O 14. g4 Ne7
15. Bg2 Be6 16. Bxe4 Nxd5 17. Bxd5 Bxd5 18. Qxd5 b4 19. c4 e4 20. Rb1 Re8 21.
Nf5 Re6 22. Qd2 Rb8 23. O-O Rg6 24. h3 h5 25. Qf4 hxg4 {.} 1/2-1/2

[Event "op"]
[Site "Oberwart"]
[Date "1997.07.11"]
[Round "7"]
[White "Beck, Hartmuth"]
[Black "Karlusch, Albrecht"]
[Result "1-0"]
[WhiteElo "2250"]
[BlackElo "2040"]
[PlyCount "205"]
[EventDate "1997.07.11"]

1. c4 g6 2. Nc3 Bg7 3. g3 d6 4. Bg2 e5 5. e3 f5 6. Nge2 Nc6 7. d3 Nf6 8. Rb1
Ne7 9. b4 c6 10. a4 O-O 11. O-O g5 12. f4 exf4 13. exf4 g4 14. a5 Rb8 15. Be3
b6 16. axb6 axb6 17. Ra1 d5 18. Ra7 Be6 19. Nd4 Bf7 20. c5 Nd7 21. Na4 bxc5 22.
bxc5 Rb4 23. Nc2 Rb5 24. Qd2 Nc8 25. Ra6 Nb8 26. Ra8 d4 27. Bf2 Qd7 28. Na3 Qb7
29. Nxb5 Qxa8 30. Ra1 Bb3 31. Qb4 Bxa4 32. Rxa4 Qb7 33. Nxd4 Qxb4 34. Rxb4 Ne7
35. Rb7 Bf6 36. Ne6 Rc8 37. Ra7 Kf7 38. Nc7 Rd8 39. Rb7 Rc8 40. d4 Kg6 41. d5
cxd5 42. Nxd5 Nbc6 43. Nxf6 Kxf6 44. Be1 h5 45. Bc3+ Ke6 46. Kf2 Ra8 47. Rxe7+
{} 47... Kxe7 48. Bxc6 Ra2+ 49. Kg1 Rc2 50. Be1 Rc1 51. Kf2 Ke6 52. Bd2 Rxc5
53. Ba4 Kf6 54. Ke3 Rc8 55. Kd3 Rd8+ 56. Kc2 Kf7 57. Bc3 Ra8 58. Bb3+ Kg6 59.
Kd3 Ra7 60. Kd4 Re7 61. Bc4 Re4+ 62. Kd3 Re7 63. Be5 Rd7+ 64. Bd4 Re7 65. Be5
Rd7+ 66. Ke3 Rd1 67. Bb5 Kf7 68. Ba4 Rd8 69. Bc6 Kg6 70. Bd4 Kf7 71. Kd3 Rd6
72. Bb5 Rd8 73. Kc4 Ke6 74. Bc6 Kf7 75. Kc5 Ke6 76. Bb7 Kf7 77. Bd5+ Kg6 78.
Be5 Rd7 79. Bc6 Rd2 80. Be8+ Kh6 81. Bf6 Rxh2 82. Bg5+ Kg7 83. Bc6 Re2 84. Kd6
Re3 85. Bh4 Re1 86. Bd7 Kg6 87. Kc7 Rc1+ 88. Kd8 Rc3 89. Ke7 Re3+ 90. Kf8 Ra3
91. Be8+ Kh7 92. Kf7 Ra8 93. Bb5 Ra5 94. Bd3 Rd5 95. Bc4 Rc5 96. Be6 Ra5 97.
Kf6 Ra6 98. Kxf5 Kg7 99. Ke5 Kf8 100. Kf6 Rb6 101. f5 Ra6 102. Kg6 Ra7 103.
Kxh5 1-0

[Event "op"]
[Site "Oberwart"]
[Date "1997.07.11"]
[Round "7"]
[White "Seifert, Milan"]
[Black "Laschet, Ewald"]
[Result "1/2-1/2"]
[WhiteElo "2240"]
[BlackElo "2005"]
[PlyCount "26"]
[EventDate "1997.07.11"]

1. g3 Nf6 2. Bg2 g6 3. Nf3 Bg7 4. d3 d6 5. O-O c6 6. Nc3 O-O 7. e4 e5 8. Bg5
Be6 9. Qd2 Qc7 10. Bh6 Ne8 11. Bxg7 Kxg7 12. Ng5 Bc8 13. Kh1 h6 {.} 1/2-1/2

[Event "op"]
[Site "Oberwart"]
[Date "1997.07.11"]
[Round "7"]
[White "Halser, Walter"]
[Black "Loginov, Valery"]
[Result "0-1"]
[WhiteElo "2100"]
[BlackElo "2555"]
[PlyCount "130"]
[EventDate "1997.07.11"]

1. e4 c5 2. Nf3 d6 3. d4 cxd4 4. Qxd4 Nc6 5. Bb5 Bd7 6. Bxc6 Bxc6 7. Nc3 Nf6 8.
Bg5 e6 9. O-O-O Be7 10. Kb1 O-O 11. Rhe1 Qc7 12. Bxf6 Bxf6 13. Qxd6 Qb6 14. e5
Rfd8 15. Qa3 Bxf3 16. gxf3 Bh4 17. Ne4 Bxf2 18. Rf1 Bd4 19. f4 Rac8 20. Qb3
Qxb3 21. axb3 Bb6 22. Nd6 Rc7 23. Rd3 f6 24. Rfd1 fxe5 25. fxe5 Rc5 26. Nxb7
Rxd3 27. Rxd3 Rxe5 28. c4 g5 29. b4 Re1+ 30. Ka2 Bc7 31. h3 h5 32. Rd7 Be5 33.
Nc5 g4 34. hxg4 h4 35. Rd3 Bg3 36. Nd7 e5 37. Nf6+ Kf7 38. Nh5 e4 39. Rd7+ Ke6
40. Rxa7 Be5 41. Ra6+ Ke7 42. Ra7+ Kd8 43. Ra5 Bb8 44. Rd5+ Ke7 45. Rb5 Bc7 46.
Rb7 Kd8 {} 47. b5 Kc8 48. Ra7 h3 49. b6 Bxb6 50. Rh7 Bc7 51. Ng3 Bxg3 52. Rxh3
Bf4 53. Rh7 Kd8 54. Rf7 Bd6 55. Rf5 Rg1 56. Rd5 Kc7 57. Rd2 Rxg4 58. Re2 Kc6
59. Kb3 Kc5 60. Kc3 Be5+ 61. Kb3 Bd4 62. Rc2 Rg8 63. Re2 Rb8+ 64. Ka4 Kxc4 65.
b3+ Rxb3 0-1

[Event "op"]
[Site "Oberwart"]
[Date "1997.07.12"]
[Round "8"]
[White "Balinov, Ilia"]
[Black "Karpatchev, Aleksandr"]
[Result "1/2-1/2"]
[WhiteElo "2570"]
[BlackElo "2390"]
[PlyCount "86"]
[EventDate "1997.07.12"]

1. e4 e5 2. Nf3 Nc6 3. d4 exd4 4. Nxd4 Bb4+ 5. c3 Be7 6. Be2 Nf6 7. Nxc6 bxc6
8. e5 Ne4 9. Be3 O-O 10. O-O Bc5 11. Qd3 Bxe3 12. Qxe3 f5 13. f3 Ng5 14. f4 Ne4
15. Nd2 Nxd2 16. Qxd2 d6 17. Rad1 Be6 18. exd6 cxd6 19. b3 d5 20. Bf3 Qb6+ 21.
Qf2 Bf7 22. Rfe1 Rfe8 23. b4 Kf8 24. a3 Rxe1+ 25. Rxe1 Qxf2+ 26. Kxf2 a5 27.
Re3 axb4 28. cxb4 g6 29. Rc3 Ke7 30. Ke3 Kd6 31. Kd4 Re8 32. Re3 Rxe3 33. Kxe3
c5 34. Kd3 d4 35. b5 Bd5 36. a4 Bxf3 37. gxf3 Kd5 38. b6 c4+ 39. Kd2 Kc6 40. a5
Kb7 41. Kc2 Ka6 42. Kb2 Kb7 43. Kc2 Ka6 {.} 1/2-1/2

[Event "op"]
[Site "Oberwart"]
[Date "1997.07.12"]
[Round "8"]
[White "Lendwai, Reinhard"]
[Black "Beim, Valeri"]
[Result "0-1"]
[WhiteElo "2385"]
[BlackElo "2555"]
[PlyCount "150"]
[EventDate "1997.07.12"]

1. e4 g6 2. d4 Bg7 3. c3 d6 4. Bc4 Nf6 5. Qe2 O-O 6. Nf3 c6 7. Bb3 Nbd7 8. Bg5
h6 9. Bh4 e5 10. Nbd2 Qc7 11. O-O Nh5 12. Rad1 b5 13. Rfe1 Nf4 14. Qe3 g5 15.
Bg3 Nf6 16. Bxf4 gxf4 17. Qd3 a6 18. dxe5 dxe5 19. Nf1 Bg4 20. Qd6 Rac8 21. h3
Bxf3 22. Qxc7 Rxc7 23. gxf3 Rd7 24. Rxd7 Nxd7 25. Rd1 Nc5 26. Bc2 a5 27. a3 a4
28. Nd2 Ra8 29. Kf1 Kf8 30. Ke2 Ke7 31. Rg1 Bf6 32. Bb1 Rd8 33. Bc2 Bh4 34. Nf1
Ne6 35. Rg4 Bf6 36. Rg1 Kf8 37. Rg2 h5 38. Rg1 Ng5 39. Rh1 Be7 40. Bb1 Ne6 41.
Ba2 Nc5 42. Bb1 Bh4 43. Bc2 Ne6 44. Rg1 Ng5 45. Bb1 f6 46. Bc2 Rd7 47. Rh1 Ke7
48. Rg1 Kd8 49. Rh1 Kc7 50. Rh2 Kb6 51. Rh1 Ka5 52. Rh2 Rd8 53. Rh1 Ka6 54. Rg1
Kb7 55. Rh1 Kc7 56. Rg1 Rd6 57. Rh1 Kd8 58. Bb1 Ke7 59. Bc2 Rd7 60. Bb1 Rd8 61.
Bc2 c5 62. Rg1 b4 63. axb4 cxb4 64. cxb4 Ne6 65. Ke1 Ng5 66. Ke2 Rc8 67. Bd1
Rc4 68. Ng3 Bxg3 69. fxg3 Rxb4 70. gxf4 Nxh3 71. Rg7+ Kf8 72. Ra7 Rxb2+ 73. Ke1
Nxf4 74. Bxa4 h4 75. Kd1 Ra2 {} 0-1

[Event "op"]
[Site "Oberwart"]
[Date "1997.07.12"]
[Round "8"]
[White "Rogulj, Branko"]
[Black "Burmakin, Vladimir"]
[Result "1/2-1/2"]
[WhiteElo "2425"]
[BlackElo "2530"]
[PlyCount "83"]
[EventDate "1997.07.12"]

1. e4 c6 2. d4 d5 3. exd5 cxd5 4. c4 Nf6 5. Nc3 e6 6. Nf3 Be7 7. cxd5 Nxd5 8.
Bd3 Nc6 9. O-O O-O 10. Re1 Bf6 11. Be4 Nce7 12. Ne5 Bd7 13. Ng4 Bc6 14. Qd3 Ng6
15. Nxd5 Bxd5 16. Nxf6+ Qxf6 17. Bxd5 exd5 18. Bd2 Rac8 19. b3 Rc6 20. g3 h6
21. Re2 Rd8 22. Bb4 Rdc8 23. Rae1 Rc1 24. h4 Rxe1+ 25. Rxe1 Nf8 26. Bxf8 Rxf8
27. Re5 Qc6 28. Kg2 Re8 29. Qf5 Rxe5 30. Qxe5 a6 31. h5 Qd7 32. a4 f6 33. Qe2
Kf7 34. g4 Qc7 35. Qf3 Qd7 36. Qf4 a5 37. Kg3 Qc6 38. Qe3 Qc2 39. Qf3 Ke6 40.
Qe3+ Kf7 41. Qf3 Ke6 42. Qe3+ {.} 1/2-1/2

[Event "op"]
[Site "Oberwart"]
[Date "1997.07.12"]
[Round "8"]
[White "Stanec, Nikolaus"]
[Black "Agnos, Dimitri"]
[Result "0-1"]
[WhiteElo "2460"]
[BlackElo "2495"]
[PlyCount "110"]
[EventDate "1997.07.12"]

1. d4 Nf6 2. Nf3 g6 3. c3 Bg7 4. Bg5 O-O 5. Nbd2 d5 6. e3 Nbd7 7. Be2 Re8 8.
O-O e5 9. dxe5 Nxe5 10. Nxe5 Rxe5 11. Nf3 Re8 12. Qb3 c6 13. a4 h6 14. Bxf6
Qxf6 15. a5 Rb8 16. Rfd1 h5 17. Nd4 Bd7 18. Bf3 g5 19. Be2 g4 20. Qc2 h4 21. g3
Bh6 22. Bd3 Re5 23. e4 Rbe8 24. exd5 c5 25. Nb3 Qf3 26. Nd2 Bxd2 27. Qxd2 Bf5
28. Bxf5 Rxf5 29. Re1 Rxe1+ 30. Qxe1 h3 31. Qf1 Rxd5 {} 32. Re1 Rd3 33. Rc1 c4
34. Re1 Kf8 35. Rb1 Ke8 36. Ra1 Kd7 37. Re1 f6 38. Rc1 Kc6 39. Rb1 a6 40. Re1
Kb5 41. Ra1 f5 42. Re1 Kxa5 43. Rb1 b5 44. Re1 Kb6 45. Re6+ Kc5 46. Re5+ Kd6
47. Re1 a5 48. Ra1 Ke6 49. Re1+ Kf6 50. Ra1 Kf7 51. Re1 b4 52. cxb4 axb4 53.
Ra1 Kf8 54. Re1 c3 55. bxc3 bxc3 0-1

[Event "op"]
[Site "Oberwart"]
[Date "1997.07.12"]
[Round "8"]
[White "Knoll, Hermann"]
[Black "Farago, Ivan"]
[Result "1/2-1/2"]
[WhiteElo "2225"]
[BlackElo "2440"]
[PlyCount "97"]
[EventDate "1997.07.12"]

1. Nf3 Nf6 2. d4 e6 3. c4 b6 4. Nc3 Bb4 5. e3 Bb7 6. Bd3 O-O 7. O-O d5 8. cxd5
exd5 9. a3 Bd6 10. b4 a6 11. Bb2 Nbd7 12. b5 axb5 13. Nxb5 Be7 14. Qc2 c6 15.
Nc3 c5 16. Ne5 c4 17. Bf5 g6 18. Bh3 Re8 19. f4 Bf8 20. g3 Bg7 21. a4 Nf8 22.
Bg2 Ne6 23. Rfb1 Rb8 24. Nb5 Bf8 25. Bc3 Nd7 26. a5 Nxe5 27. fxe5 bxa5 28. Bxa5
Qd7 29. Bd2 Ra8 30. Nc3 Bc6 31. Qb2 Bh6 32. Rxa8 Bxa8 33. Qb6 Bc6 34. Ra1 Rc8
35. Ra5 Qc7 36. Qxc7 Rxc7 37. Ra2 Rd7 38. Kf2 Nc7 39. Ra7 Re7 40. Bc1 Bf8 41.
Ba3 Rd7 42. Bh3 f5 43. exf6 Rf7 44. Bxf8 Kxf8 45. Ke2 Ne8 46. Ra6 Rxf6 47. Bg2
Nc7 48. Ra5 Rd6 49. Bf3 {.} 1/2-1/2

[Event "op"]
[Site "Oberwart"]
[Date "1997.07.12"]
[Round "8"]
[White "Baumegger, Siegfried"]
[Black "Zelcic, Robert"]
[Result "0-1"]
[WhiteElo "2455"]
[BlackElo "2440"]
[PlyCount "94"]
[EventDate "1997.07.12"]

1. d4 Nf6 2. c4 e6 3. Nc3 Bb4 4. Qc2 O-O 5. a3 Bxc3+ 6. Qxc3 Ne4 7. Qc2 f5 8.
Nh3 d6 9. f3 Nf6 10. e3 e5 11. Be2 exd4 12. exd4 Nc6 13. Qd2 Nh5 14. f4 Nf6 15.
Nf2 d5 16. O-O Re8 17. b4 dxc4 18. Bxc4+ Be6 19. Bxe6+ Rxe6 20. Bb2 Qd5 21.
Rae1 Rae8 22. Rxe6 Rxe6 23. Rc1 b6 24. h3 h6 25. Kh2 Kh7 26. Qd3 Nh5 27. g3 Rg6
28. Rg1 Rd6 29. b5 Na5 30. Re1 Nc4 31. Bc1 Nf6 32. Ng4 Ne4 33. Ne3 Nxe3 34.
Bxe3 c5 35. bxc6 Rxc6 36. a4 Rc3 37. Qb1 Qc4 38. h4 Qc6 39. Re2 Qg6 40. Qe1 Qg4
41. Bf2 Nxg3 42. Bxg3 Rxg3 43. Qxg3 Qxe2+ 44. Kh3 h5 45. Qc3 Qg4+ 46. Kh2 Qxh4+
47. Kg1 Qg4+ {} 0-1

[Event "op"]
[Site "Oberwart"]
[Date "1997.07.12"]
[Round "8"]
[White "Sziebert, Adam"]
[Black "Vaulin, Alexander"]
[Result "0-1"]
[WhiteElo "2300"]
[BlackElo "2490"]
[PlyCount "80"]
[EventDate "1997.07.12"]

1. e4 c5 2. c3 Nf6 3. e5 Nd5 4. d4 cxd4 5. Nf3 e6 6. Qxd4 Nc6 7. Qe4 Qc7 8. Bc4
Nde7 9. Bf4 a6 10. O-O b5 11. Bd3 Bb7 12. Qe2 f5 13. b4 h6 14. h4 g5 15. hxg5
Ng6 16. Bg3 hxg5 17. Re1 g4 18. Nh2 Nce7 19. a4 bxa4 20. Nd2 Qc6 21. f3 gxf3
22. Nhxf3 Nd5 23. Nc4 Ngf4 24. Qd2 Rg8 25. Bxf4 Nxf4 26. Qxf4 Qxf3 27. Qxf3
Bxf3 28. Kf2 Bc6 29. Bf1 Rb8 30. Red1 Bb5 31. Nd6+ Bxd6 32. exd6 Rg4 33. c4
Bxc4 34. Bxc4 Rxc4 35. Rxa4 Rb6 36. Rda1 Rxd6 37. Rxa6 Rxa6 38. Rxa6 Rxb4 39.
Ke3 Ke7 40. g3 Rb3+ {} 0-1

[Event "op"]
[Site "Oberwart"]
[Date "1997.07.12"]
[Round "8"]
[White "Ruck, Robert"]
[Black "Medvegy, Zoltan"]
[Result "1-0"]
[WhiteElo "2450"]
[BlackElo "2295"]
[PlyCount "73"]
[EventDate "1997.07.12"]

1. c4 c5 2. g3 g6 3. Bg2 Bg7 4. Nc3 Nc6 5. Nf3 Nf6 6. d4 cxd4 7. Nxd4 O-O 8.
O-O Ng4 9. e3 Nxd4 10. exd4 Nh6 11. Bd2 d6 12. Re1 Nf5 13. d5 Re8 14. Rc1 Bd7
15. b3 a6 16. Ne4 b6 17. Bc3 Qc7 18. Bxg7 Nxg7 19. Qd2 Bf5 20. Ng5 h6 21. Nf3
Kh7 22. Nd4 Rac8 23. a4 e5 24. dxe6 Bxe6 25. h4 h5 26. Nf3 Kg8 27. Ng5 Bf5 28.
Bd5 Ne6 29. Nf3 Bg4 30. Rc3 Re7 31. Qh6 Bxf3 32. Rxf3 Rce8 33. Kg2 Qc5 34. Re4
a5 35. g4 hxg4 36. Rxg4 Ng7 37. Qxg6 {} 1-0

[Event "op"]
[Site "Oberwart"]
[Date "1997.07.12"]
[Round "8"]
[White "Kiss, Attila"]
[Black "Brandner, Stefan"]
[Result "0-1"]
[WhiteElo "2425"]
[BlackElo "2265"]
[PlyCount "72"]
[EventDate "1997.07.12"]

1. d4 d5 2. c4 e6 3. Nf3 f5 4. g3 Nf6 5. Bg2 Bd6 6. O-O O-O 7. Qc2 Nc6 8. Bf4
Bxf4 9. gxf4 Bd7 10. Nbd2 Be8 11. e3 Ne4 12. Nxe4 fxe4 13. Ng5 Rf6 14. f3 h6
15. Nh3 exf3 16. Rxf3 Bg6 17. Qc3 Ne7 18. Nf2 Bh5 19. Rh3 Qe8 20. Kh1 c6 21.
Rg1 Kh8 22. b3 g5 23. Bf3 Bxf3+ 24. Rxf3 gxf4 25. Ng4 Qh5 26. exf4 Rg6 27. Ne5
Rxg1+ 28. Kxg1 Rg8+ 29. Kh1 Nf5 30. Qd3 Qh4 31. Qc3 Rg7 32. cxd5 exd5 33. Qd2
Kg8 34. h3 Ng3+ 35. Kh2 Nf1+ 36. Rxf1 Qg3+ {} 0-1

[Event "op"]
[Site "Oberwart"]
[Date "1997.07.12"]
[Round "8"]
[White "Wittmann, Walter"]
[Black "Beck, Hartmut"]
[Result "1-0"]
[WhiteElo "2390"]
[BlackElo "2250"]
[PlyCount "57"]
[EventDate "1997.07.12"]

1. e4 c5 2. Nf3 d6 3. d4 cxd4 4. Nxd4 Nf6 5. Nc3 a6 6. Be3 e6 7. g4 e5 8. Nf5
g6 9. g5 gxf5 10. exf5 d5 11. gxf6 d4 12. Bc4 Qc7 13. Qd3 Bb4 14. O-O-O Bxc3
15. Bh6 Ba5 16. Rhg1 Nc6 17. Rg7 Rf8 18. Rdg1 Nb4 19. Qb3 Bxf5 20. Bxf7+ Kd8
21. Rg8 Rxg8 22. Rxg8+ Kd7 23. Rxa8 Qc5 24. Bf8 Qxc2+ 25. Qxc2 Nxc2 26. Bc4 e4
27. b4 e3 28. fxe3 Nxe3 29. Bb3 {} 1-0

[Event "op"]
[Site "Oberwart"]
[Date "1997.07.12"]
[Round "8"]
[White "Volkmann, Friedrich"]
[Black "Schumi, Manfred"]
[Result "1/2-1/2"]
[WhiteElo "2380"]
[BlackElo "2235"]
[PlyCount "66"]
[EventDate "1997.07.12"]

1. e4 c5 2. Nf3 d6 3. d4 cxd4 4. Nxd4 Nf6 5. Nc3 a6 6. Bg5 e6 7. f4 Be7 8. Qf3
h6 9. Bh4 Qc7 10. O-O-O Nbd7 11. Be2 Rb8 12. Bg3 b5 13. e5 Bb7 14. Qf1 dxe5 15.
fxe5 Ne4 16. Nxe4 Bxe4 17. Bf3 Nc5 18. Bxe4 Nxe4 19. Bf4 O-O 20. Qf3 Ng5 21.
Qg4 Rbc8 22. Kb1 Kh8 23. h4 Nh7 24. Rh3 Bc5 25. Nb3 Be7 26. Rdd3 Qb7 27. Rhg3
Rg8 28. Rd4 Qc6 29. c3 f5 30. Qg6 Nf8 31. Qh5 Qe8 32. Qxe8 Rxe8 33. h5 g5 {}
1/2-1/2

[Event "op"]
[Site "Oberwart"]
[Date "1997.07.12"]
[Round "8"]
[White "Loginov, Valery"]
[Black "Sandhu, Mario"]
[Result "1-0"]
[WhiteElo "2555"]
[BlackElo "2180"]
[PlyCount "75"]
[EventDate "1997.07.12"]

1. Nf3 g6 2. e4 Bg7 3. d4 c6 4. Nc3 d5 5. h3 Nf6 6. Bd3 dxe4 7. Nxe4 Nxe4 8.
Bxe4 Bf5 9. Bxf5 Qa5+ 10. c3 Qxf5 11. O-O O-O 12. Re1 Re8 13. Bg5 e6 14. Qd2
Nd7 15. Bh6 Bxh6 16. Qxh6 Rad8 17. Re3 Qf6 18. Rae1 c5 19. d5 e5 20. c4 Qe7 21.
Ng5 Nf8 22. f4 f6 23. Nf3 e4 24. f5 b5 25. b3 bxc4 26. bxc4 Rb8 27. Qf4 Qd7 28.
Rxe4 Rxe4 29. Qxe4 gxf5 30. Qe7 Qa4 31. Qxf6 Qxc4 32. Re7 Rb1+ 33. Kh2 Qf4+ 34.
g3 Rh1+ 35. Kg2 Rg1+ 36. Nxg1 Qd2+ 37. Ne2 Qxd5+ 38. Kh2 {} 1-0

[Event "op"]
[Site "Oberwart"]
[Date "1997.07.12"]
[Round "8"]
[White "Strauss, Anton"]
[Black "Mahdy, Khaled"]
[Result "1/2-1/2"]
[WhiteElo "2240"]
[BlackElo "2425"]
[PlyCount "79"]
[EventDate "1997.07.12"]

1. e4 e5 2. Nf3 Nc6 3. Nc3 Nf6 4. d3 h6 5. Be2 d5 6. exd5 Nxd5 7. O-O Nxc3 8.
bxc3 Bd6 9. d4 O-O 10. Rb1 exd4 11. cxd4 b6 12. Bb2 Ne7 13. Ne5 Bxe5 14. dxe5
Be6 15. f4 Qxd1 16. Rbxd1 Rad8 17. g4 Bxa2 18. f5 Bd5 19. Rd2 Nc6 20. Rfd1 Ba2
21. Rd7 Rfe8 22. Rxc7 Rxd1+ 23. Bxd1 Nxe5 24. Rxa7 Nc4 25. Bf3 Nxb2 26. Rxa2
Nc4 27. Kf2 Ne5 28. h3 Nxf3 29. Kxf3 Rc8 30. h4 Rc3+ 31. Kf4 Rc4+ 32. Kg3 Kf8
33. g5 hxg5 34. hxg5 Rc3+ 35. Kf4 Rc4+ 36. Ke5 Ke8 37. Ra8+ Ke7 38. Ra7+ Ke8
39. Ra8+ Kd7 40. Kd5 {.} 1/2-1/2